taylor swift song association - #1 - Statistics

General Stats
  • This quiz has been taken 206 times
  • The average score is 7 of 10
Answer Stats
word song % Correct
actress All Too Well (10 Minute Version)
97%
hell Karma
94%
autumn/fall The Best Day
94%
demon/devil Would've, Could've, Should've
81%
fate Cruel Summer
77%
water willow
74%
bullet Bad Blood
58%
sidewalk Sparks Fly
57%
pool This Is Why We Can't Have Nice Things
57%
wave/s my tears ricochet
35%
No matching quizzes found
Score Distribution
Percent of People with Each Score
Percentile by Number Answered
Your Score History
You have not taken this quiz